000 00616nam a22002297a 4500
003 UA-OsUOA
001 28242
007 ta
008 20050314b un ||||| |||| 00| 0 ukr d
090 _a94(477.54)
_bИ90
942 _cBK
040 _aUA-OsUOA
_brus
_cUA-OsUOA
_dUA-OsUOA
245 _aХарковская область
_cРед. Н. А.Сероштан
300 _a724 с.
_bІлюстрації
955 _a0
041 _arus
080 _a94(477.54)
260 _aК.
_bУкраинскоя Советскоя энцыклопедия
_c1976
044 _aUA
650 7 _2UDC
999 _c314605
_d314605